RoboJ9 Languages A-Z - Statistics

General Stats
  • This quiz has been taken 8 times
  • The average score is 13 of 26
Answer Stats
Hint Answer % Correct
A Spoken in South Africa. Afrikaans
86%
C Spoken in China. (Not Chinese) Cantonese
86%
B Spoken in Spain. Basque
71%
H Spoken in Israel. Hebrew
71%
K Spoken in Cambodia. Khmer
71%
L Spoken in the Vatican City. Latin
71%
M Spoken in New Zealand. Maori
71%
R Spoken in Russia. Russian
71%
U Spoken in Uzbekistan. Uzbek
71%
V Spoken in Vietnam. Vietnamese
71%
W Spoken in the United Kingdom. Welsh
71%
S Spoken in Sri Lanka. Sinhala
57%
Z Spoken in South Africa. Zulu
57%
G Spoken in India. Gujarati
43%
I Spoken in Nigeria. Igbo
43%
J Spoken in Indonesia. Javanese
43%
P Spoken in Pakistan. (Not Punjabi) Pashto
43%
T Spoken in Papua New Guinea. Tok Pisin
43%
X Spoken in South Africa. Xhosa
43%
Y Spoken in Nigeria. Yoruba
43%
D Spoken in the Maldives. Divehi
29%
O Spoken in France. Occitan
29%
E Spoken in Ghana and Togo. Ewe
14%
F Spoken in Italy. Friulian
14%
N Spoken in Ethiopia and South Sudan. Nuer
14%
Q Spoken in Guatemala and Belize. Q'eqchi'
14%
No matching quizzes found
Score Distribution
Percent of People with Each Score
Percentile by Number Answered
Your Score History
You have not taken this quiz